000 00924nam a2200265Ia 4500
003 OSt
005 20221005111020.0
006 a|||||r|||| 00| 0
007 ta
008 221004b |||||||| |||| 00| 0 hin d
020 _a9788171193295 (hbk)
_c300
024 _a17473
037 _bSP/3819, 25/03/2015, Star Publications Pvt. Ltd.
_cTextual
040 _aCRL
_cCRL
_bhin
041 _2hin
_ahin
082 _aO157,3N26x, 152M7;Q3
100 _aमहाश्वेता देवी
245 0 _aदौलती
246 _aDaulatī
260 _aनई दिल्ली
_bराधाकृष्ण भारत
_c2013
300 _a202पृ0
_ccm.
650 _aहिन्दी साहित्य
942 _hO157,3N26x, 152M7;Q3
_cTEXL
_2cc
999 _c1020563
_d1020563